Sermon que en la funcion titular de la Hermandad de Cocheros y Pages del Santisimo Viatico, predicó el Doctor Don José Maria Cayetano Orozco, en el Sagrario de esta Capital, el dia 17 de abril de 1853

Detalles Bibliográficos
Autor principal: Cayetano Orozco, José María
Formato: Libro
Lenguaje:Spanish
Publicado: impreso en Guadalajara : en la imprenta de Dionisio Rodriguez, 1853.
Materias:
Colección:Banco de datos
Acervo:Seminario Conciliar de Nuestra Señora de Guadalupe Querétaro. Qro.. Biblioteca Florencio Rosas. Fondo Reservado
Descripción Física:24 p. ; 21 cm.
Tema general:Homilética
Notas:Texto a renglón seguido con paginación en números arábigos y signaturas
LEADER 00823nam a22001810004500
035 |a 3312 
041 0 |a spa 
100 1 |a Cayetano Orozco, José María 
245 1 0 |a Sermon que en la funcion titular de la Hermandad de Cocheros y Pages del Santisimo Viatico, predicó el Doctor Don José Maria Cayetano Orozco, en el Sagrario de esta Capital, el dia 17 de abril de 1853 
260 |a impreso en Guadalajara : en la imprenta de Dionisio Rodriguez, 1853.  
300 |a 24 p. ; 21 cm.  
500 |a Texto a renglón seguido con paginación en números arábigos y signaturas 
501 |a 25 obras 
650 1 0 |a Homilética 
949 |a Fondo Reservado: 6445-U 
942 |c QUER-RES 
943 |g Seminario Conciliar de Nuestra Señora de Guadalupe Querétaro. Qro.. Biblioteca Florencio Rosas. Fondo Reservado 
999 |c 1110976  |d 1110976